Однажды на моей планете (Запись № 9610172)

Подробности
000 -МАРКЕР
контрольное поле 02181nam0a2200337 i 4500
001 - ИДЕНТИФИКАТОР ЗАПИСИ
контрольное поле RU\NLR\BIBL_A\010672016
005 - ИДЕНТИФИКАТОР ВЕРСИИ
контрольное поле 20240726071050.0
010 ## - МЕЖДУНАРОДНЫЙ СТАНДАРТНЫЙ НОМЕР КНИГИ (ISBN)
Номер (ISBN) 9785906500045
021 ## - НОМЕР ГОСУДАРСТВЕННОЙ РЕГИСТРАЦИИ
Код страны Российская Федерация
Номер 2014-95070
Номер Листа государственной регистраци 5778
035 ## - ДРУГИЕ СИСТЕМНЫЕ НОМЕРА
Идентификатор записи (NILC)RuMoRGB-007838916
035 ## - ДРУГИЕ СИСТЕМНЫЕ НОМЕРА
Идентификатор записи (NLR Aleph) 010672016
100 ## - ДАННЫЕ ОБЩЕЙ ОБРАБОТКИ
Данные общей обработки 20150213d2014 u y0rusy50 ca
101 0# - ЯЗЫК РЕСУРСА
Язык текста, звукозаписи и т.д. русский
102 ## - СТРАНА ПУБЛИКАЦИИ ИЛИ ПРОИЗВОДСТВА
Страна публикации Российская Федерация
105 ## - ПОЛЕ КОДИРОВАННЫХ ДАННЫХ: ТЕКСТОВЫЕ МАТЕРИАЛЫ, МОНОГРАФИЧЕСКИЕ
Кодированные данные о монографическом текстовом документе ac z 000ay
200 1# - ЗАГЛАВИЕ И СВЕДЕНИЯ ОБ ОТВЕТСТВЕННОСТИ
Основное заглавие Однажды на моей планете
Сведения, относящиеся к заглавию [проза, поэзия
-- сборник]
Первые сведения об ответственности Елизавета Горбунова
Последующие сведения об ответственности [ил.: О.В. Подивилова
-- Видновское благочиние Моск. ерапхии Рус. Православ. Церкви и др.]
210 ## - ПУБЛИКАЦИЯ, РАСПРОСТРАНЕНИЕ И ДР.
Место издания, распространения и т.д. Видное
Имя издателя, распространителя и т. д. издание Местной религиозной организации православного прихода Успенского храма г. Видное Московской области
Дата издания, распространения и т.д. 2014
215 ## - ФИЗИЧЕСКАЯ ХАРАКТЕРИСТИКА
Специфическое обозначение материала и объем 94, [2] с.
Другие сведения о физической характеристике ил., портр.
Размеры 21
225 1# - СЕРИЯ
Основное заглавие серии Серия Победители ежегодного православного районного конкурса литературного творчества "Благословение" на приз альманаха Видновского благочиния "Письмо к твоей душе"
300 ## - ОБЩИЕ ПРИМЕЧАНИЯ
Текст примечания На авантит. в надзаг. также: Упр. образования администрации Ленинского муницип. р-на Моск. обл., Упр. по делам молодежи, культуре и спорту администрации Ленинского муницип. р-на Моск. обл., Ленинское отд-ние Моск. обл. орг. Союза писателей России
686 2# - ИНДЕКСЫ ДРУГИХ КЛАССИФИКАЦИЙ
Индекс Ш6(2=Р)8я44
700 #1 - ИМЯ ЛИЦА - ПЕРВИЧНАЯ ОТВЕТСТВЕННОСТЬ
Начальный элемент ввода Горбунова
Часть имени, кроме начального элемента ввода Е.
Даты 1998-
Расширение инициалов личного имени Елизавета
702 #1 - ИМЯ ЛИЦА - ВТОРИЧНАЯ ОТВЕТСТВЕННОСТЬ
Начальный элемент ввода Подивилова
Расширение инициалов личного имени Ольга Васильевна
Код отношения Иллюстратор
801 #0 - ИСТОЧНИК ЗАПИСИ
Страна Российская Федерация
Организация РГБ
Дата составления 20141216
Правила каталогизации RCR
801 #1 - ИСТОЧНИК ЗАПИСИ
Страна Российская Федерация
Организация РГБ
Дата составления 20141216
Источник данных rusmarc
942 ## - ДОПОЛНИТЕЛЬНЫЕ ЭЛЕМЕНТЫ ЗАПИСИ (АБИС)
Тип экземпляра АБИС Книга
980 ## - КОЛЛЕКЦИЯ
Название коллекции НБР

Нет доступных экземпляров.